000 01655nam a2200181Ia 4500
008 151202s9999||||xx |||||||||||||| ||und||
082 _bPNVM-122713
100 _aवाल्मीकि /संपा-पणशीकर वासुदेव लक्ष्मण.
245 _aयोगवासिष्ठ: भाग 1 वैराग्य मुुमुक्षव्यवहार उत्पत्तिस्थितिउपशमाख्यपञ्चप्रकरणानि संस्कृत तात्पर्यप्रकाशव्याख्यासहित.
260 _b"निर्णयसागर प्रकाशन,मुंबई."
260 _c1911
300 _a780
600 _aवाल्मीकि /संपा-पणशीकर वासुदेव लक्ष्मण.
630 _aयोगवासिष्ठ: भाग 1 वैराग्य मुुमुक्षव्यवहार उत्पत्तिस्थितिउपशमाख्यपञ्चप्रकरणानि संस्कृत तात्पर्यप्रकाशव्याख्यासहित.
700 _aवाल्मीकि /संपा-पणशीकर वासुदेव लक्ष्मण.
730 _aयोगवासिष्ठ: भाग 1 वैराग्य मुुमुक्षव्यवहार उत्पत्तिस्थितिउपशमाख्यपञ्चप्रकरणानि संस्कृत तात्पर्यप्रकाशव्याख्यासहित.
942 _cBOOK
999 _c1352842
_d1352839